Quizzes
Events
Quiz Creation
Community
Videos
Private Events
Remove Ads
Sign In
Join for FREE
Feedback
Dark Mode
Quiz Categories
Sports
Geography
Music
Movies
Television
Just For Fun
Miscellaneous
History
Literature
Language
Science
Gaming
Entertainment
Religion
Holiday
For Kids
Quiz Lab
Recent
Popular Today
Quiz Kudos Today
Editor Picks
Curator Picks
Quizzes by...
Day
Popularity
Type
Ratings
Length
Year
Community
Subscriptions
Recent Discussions
Orange Saloon
Badges
Playlists
Quests
Create
Leaderboards
Showdown
Live 5
Trivia Bingo
Activity
Puzzle Library
Sporcle Events
Private Events
Virtual Trivia
Globe League
Become a Host
Pub Owners
SporcleCon
Opinionation
Our Games
Videos
Blog
Mobile Apps
Partnerships
Remove Ads and Go Orange
Feedback
Movies
Disney
Marvel Cinematic Universe
Movie Resume
Movie Titles
Oscar
Actor
Actress
Director
Pixar
Role
Movie Quotes
Movie Characters
Box Office
Nominee
Best Picture
Star Wars
James Bond
Horror Movies
Movies
Disney
Marvel Cinematic Universe
Movie Resume
Movie Titles
Oscar
Actor
Actress
Director
Pixar
Role
Movie Quotes
Movie Characters
Box Office
Nominee
Best Picture
Star Wars
James Bond
Horror Movies
Random Quiz
Search Sporcle
×
Quiz Lab
Quiz Lab
Movies
Oscar
Type in answers that appear in a list
Type in answers that appear in a list
Classic
Best Score? Go Orange.
And The Losers Are... (Actress) Stats
Can you name the Best Actress Oscar winners based on the runners-up?
By
caramba
10m
16 Questions
446 Plays
446 Plays
446 Plays
Comments
Comments
Give Quiz Kudos
Give Quiz Kudos
-
- Ratings
hide this ad
More Info
Forced Order
Answers have to be entered in order
Answers have to be entered in order
Replay
Link that replays current quiz
Next Quiz
Link to next quiz in quiz playlist
You Got
0%
They Got
Avg Score
55%
Avg Friend Score
Upgrade to see
Score Distribution
Jump to the score distribution portion of the page
Score
0/16
Timer
10:00
0
Plays Today
Runners-Up
Best Actress
% Correct
Helen Mirren
Carey Mulligan
Gabourey Sidibe
Meryl Streep
Sandra Bullock
78.3%
Anne Hathaway
Angelina Jolie
Melissa Leo
Meryl Streep
Kate Winslet
76.9%
Cate Blanchett
Fernanda Montenegro
Meryl Streep
Emily Watson
Gwyneth Paltrow
72%
Annette Bening
Catalina Sandina Moreno
Imelda Staunton
Kate Winslet
Hilary Swank
63.7%
Geena Davis
Laura Dern
Bette Midler
Susan Sarandon
Jodie Foster
62.1%
Judi Dench
Felicity Huffman
Keira Knightley
Charlize Theron
Reese Witherspoon
62.1%
Angela Bassett
Stockard Channing
Emma Thompson
Debra Winger
Holly Hunter
57%
Elisabeth Shue
Sharon Stone
Meryl Streep
Emma Thompson
Susan Sarandon
54.9%
Runners-Up
Best Actress
% Correct
Jane Alexander
Meryl Streep
Julie Walters
Debra Winger
Shirley MacLaine
53.8%
Julie Andrews
Jessica Lange
Sissy Spacek
Debra Winger
Meryl Streep
52.7%
Glenn Close
Holly Hunter
Sally Kirkland
Meryl Streep
Cher
52%
Marie-
Christine Barrault
Talia Shire
Sissy Spacek
Liv Ullmann
Faye Dunaway
50.9%
Jane Fonda
Sissy Spacek
Kathleen Turner
Sigourney Weaver
Marlee Matlin
40.6%
Bette Davis
Irene Dunne
Greta Garbo
Greer Garson
Vivien Leigh
38.1%
Julie Christie
Glenda Jackson
Vanessa Redgrave
Janet Suzman
Jane Fonda
37.2%
Greer Garson
Deborah Kerr
Shirley MacLaine
Melina Mercouri
Elizabeth Taylor
35.9%
Quiz Playlist
Details
Report
Send in Message
Add To Playlist
More Info:
See also And The Losers Are... (Best Picture)
Classic:
Type in answers that appear in a list
Forced Order:
Answers have to be entered in order
Quiz Source
Last Updated: Feb 16, 2017
Quiz Scoreboard
CHALLENGE
Sign Up to Join the Scoreboard
Show All
Scores
Hide
Comments
May contain spoilers
Recently Published
9x9 Crossword: Cartoon Network
by jackfrog10
Miscellaneous
3m
College Basketball Coaching Resumes
by pancakes188
Sports
9m
Billboard Blitz: Fleetwood Mac
by CooCooCachoo
Music
15s
More to Explore
Quiz From the Vault
Featured Blog Post
Where Did the Easter Bunny Come From?
hide this ad
You Might Also Like...
Tags
Actress Quiz
Nominee Quiz
Oscar Quiz
Academy
Academy Awards
Award
Awards Winners
Loser
Runner-up
Runners-up
Winner
Today's Top Quizzes in Movies
Browse Movies
hide this ad
Today's Top Quizzes in Oscar
Browse Oscar
Top Contributed Quizzes in Movies
1
Pick 5 Posters: Directed by Spielberg
2
7-to-1: Pixar Characters
3
Pick 5 Posters: Lowest-Rated Spielberg
4
Sorting Actors
5
Sorting Actresses
6
Pick 5 Posters: Directed by Scorsese
7
Hidden Star Wars Character II
8
Pick 5 Posters: Star & Director
9
Hidden Star Wars Character III
10
12 Movies about Fictional 1960s Events
Explore More
Trending Topics
Disney
NBA
Harry Potter
Anime
Crossword
Kpop
Marvel
Soccer
NFL
Puzzle
Song
The Office
WWE
Country
Pokémon
hide this ad
More By:
caramba
Quiz
Plays
Rating
Category
Featured
Created
NFL Last Super Bowl Winners
657,203
4.15
Sports
Jun 6, 2010
Europe, Alphabetically
338,077
4.39
Geography
Jun 13, 2010
Blitz: Letter Count States
210,306
4.11
Just For Fun
May 24, 2010
MLB RBI Leaders by Team (2000s)
207,645
4.44
Sports
Nov 2, 2009
European Union Minefield
197,611
4.23
Geography
Nov 7, 2011
Go to Creator's Profile
Score Distribution
Quiz Creator Spotlight
caramba
Follow
Send a Message
Quizzes Created
-
Created Quiz Play Count
-
More By This Creator
Popular Quizzes Today
1
Find the US States - No Outlines Minefield
2
Find the Countries of Europe - No Outlines Minefield
3
The Countries of the World
4
Find the US States
5
Risky Map Clicking: Biggest States A-Z
6
US States
7
Popular People in 1961
8
Movies - When Are They Set?
More Movies Quizzes
Letterboxd Lists by Five Films
Quiz Lab
Trending Quizzes
Risky Map Clicking: Least Populous States A-Z
1-10 Letter G Words
Risky Map Clicking: Next State Alphabetically
Adjectives in 80s TV Shows
Risky Map Clicking: Biggest States A-Z
Recently Updated
Leaping Animals
pecheneg
Reality TV Shows (A-Z)
bhenderson79
Rickey Henderson's Hall of Fame Teammates
pecheneg
Champions League XIs: Arsenal
pecheneg
Quick Pick: Celebrities in WWE's Hall of Fame
aduchscher
A-Z Keypad Blitz II
pecheneg
Multiple Oscar Actors
pecheneg
Mystery Phrase Blitz: Oscar 'Best Actors'
pecheneg
F. Scott Fitzgerald Novels
LTH
Pick 3 Villains
ddd62291
Trending Topics
Harry Potter
Crossword
NBA
Kpop
Disney
Marvel
Anime
The Office
Country
NFL
Soccer
Pokémon
WWE
Puzzle
Song
Your Account Isn't Verified!
In order to create a playlist on Sporcle, you need to verify the email address you used during registration. Go to your
Sporcle Settings
to finish the process.
Report this User
Report this user for behavior that violates our
Community Guidelines
.
Details:
Send Report
Go to the Sporcle.com Mobile Site →
Comments